Rosjanie - nagła śmierć - Statystyki

Ogólne statystyki
  • Ten quiz został rozwiązany 96 razy
  • Średni wynik to 10 z 20
Answers on the Grid
Answers color-coded by a green-red scale on the quiz's grid according to % correct below.
Alaksandr Łukaszenka
Aleksander Puszkin
Andriej Sacharow
Anton Czechow
Aryna Sabalenka
Bohdan Chmielnicki
Borys Jelcyn
Dmitrij Mendelejew
Fiodor Dostojewski
Garry Kasparow
Gieorgij Żukow
Iwan IV Groźny
Iwan Pawłow
Józef Stalin
Jurij Gagarin
Karol Marks
Lew Tołstoj
Maksim Bahdanowicz
Michaił Gorbaczow
Nikola Tesla
Piotr Czajkowski
Piotr I Wielki
Serhij Żadan
Siergiej Eisenstein
Siergiej Rachmaninow
Taras Szewczenko
Wasilij Kandinsky
Wasyl Bykau
Władimir Putin
Włodzimierz Lenin
 
Statystyki odpowiedzi
Odpowiedź % Poprawnych
Aleksander Puszkin
78%
Borys Jelcyn
70%
Iwan IV Groźny
69%
Fiodor Dostojewski
67%
Dmitrij Mendelejew
63%
Jurij Gagarin
56%
Władimir Putin
54%
Włodzimierz Lenin
52%
Garry Kasparow
50%
Michaił Gorbaczow
50%
Gieorgij Żukow
44%
Lew Tołstoj
44%
Anton Czechow
41%
Piotr I Wielki
41%
Piotr Czajkowski
37%
Andriej Sacharow
35%
Siergiej Rachmaninow
35%
Iwan Pawłow
30%
Siergiej Eisenstein
24%
Wasilij Kandinsky
24%
Nie znaleziono quizów pasujących do podanych kryteriów
Rozkład punktacji
Procent ludzi z każdym wynikiem
Percentyl według liczby udzielonych odpowiedzi
Twoja historia wyników
Nie rozwiązałeś tego quizu